000 00336 a2200157 4500
001 47826
020 _a
040 _cAnchieta - Aquarius
100 _aNarimatsu, Aura Celeste Gomes Ribeiro
240 1 0 _aJonas e a baleia
_lpor
245 1 0 _aJonas e a baleia
300 _a
362 0 _a1995
650 4 _aReligião
942 _cBK
999 _c47826
_d47826